000 00408nam a2200169Ia 4500
008 230524s9999 xx 000 0 und d
020 _a8173811393
082 _a612
_bCHA
100 _aSujit K.Chaudhuri
245 0 _a"Concise Medical Physiology,"
250 _a5TH
260 _aNEW DELHI
_bCentral
_c2006
300 _aXII;595
500 _aQuantity Number: 10
650 _aBiomedical
942 _cBK
999 _c35856
_d35856